000 00701nam a2200205Ii 4500
003 JO-AjNU
008 230605s9999||||xx |||||||||||||| ||und||
040 _aJO-AjNU
_bara
_erda
_cJO-AjNU
041 _aara
050 1 4 _aPJ7814.Q22.Z873 1987
100 3 _aتأليف إبراهيم،أحمد,
_eauthor
_920630
245 0 0 _aالعقاد وأسرة محمد علي
250 _aط1
264 3 1 _aبيروت:المكتبة العصرية،1987
300 _a187ص
336 _atext
_btxt
_2rdacontent
337 _aunmediated
_bn
_2rdamedia
338 _avolume
_bnc
_2rdacarrier
650 4 _a الأدباء المصريون - تراجم - مصر - تاريخ - القرن العشرين
_920631
999 _aA7025
_c10593
_d10593